Hauptstädte der Länder, die an das Mittelmeer grenzen - Statistiken

Allgemein
  • Dieses Quiz wurde 480 mal gespielt
  • Das Durchschnittsergebnis liegt bei 17 aus 21
Antworten auf der Karte
Die Antworten werden auf der Karte rot bzw. grün angezeigt, abhängig davon wie oft sie richtig erraten wurden.
 
Antwortstatistiken
Land % Korrekt
Rom
99%
Athen
98%
Paris
98%
Madrid
97%
Ankara
94%
Zagreb
94%
Kairo
92%
Tunis
89%
Algier
88%
Jerusalem
85%
Tirana
83%
Rabat
79%
Sarajevo
79%
Nikosia
76%
Ljubljana
73%
Beirut
70%
Monaco
70%
Tripolis
70%
Damaskus
69%
Valletta
69%
Podgorica
64%
Keine übereinstimmenden Quizze gefunden
Verteilung der Resultate
Anzahl Personen mit jedem Resultat
Perzentil nach korrekt beantworteten Fragen
Ihre Resultats-Entwicklung
Sie haben dieses Quiz noch nicht gespielt